Mid-stream. (Record no. 44733)

MARC details
000 -LEADER
fixed length control field 01685cas a2200457 4500
001 - CONTROL NUMBER
control field 11160404
003 - CONTROL NUMBER IDENTIFIER
control field OSt
005 - DATE AND TIME OF LATEST TRANSACTION
control field 20150616110042.0
007 - PHYSICAL DESCRIPTION FIXED FIELD--GENERAL INFORMATION
fixed length control field t|
008 - FIXED-LENGTH DATA ELEMENTS--GENERAL INFORMATION
fixed length control field 751212d19612002inuqr p 0 a0eng
010 ## - LIBRARY OF CONGRESS CONTROL NUMBER
LC control number 67117468
022 0# - INTERNATIONAL STANDARD SERIAL NUMBER
International Standard Serial Number 0544-0653
Source 1
035 ## - SYSTEM CONTROL NUMBER
System control number (OCoLC)ocm01895444
037 ## - SOURCE OF ACQUISITION
Source of stock number/acquisition Managing Editor, Council on Christian Unity, P.O. Box 1986, Indianapolis, IN 46206
040 ## - CATALOGING SOURCE
Original cataloging agency DLC
Transcribing agency MBTI
Modifying agency NSDP
-- DLC
-- NSDP
-- OCoLC
-- AIP
-- OCoLC
-- NST
-- MH
-- OCoLC
-- EbpS
-- OCoLC
-- MH
-- OCoLC
042 ## - AUTHENTICATION CODE
Authentication code nsdp
-- pcc
050 00 - LIBRARY OF CONGRESS CALL NUMBER
Classification number BX1
Item number .M5
082 #4 - DEWEY DECIMAL CLASSIFICATION NUMBER
Classification number 262/.001
210 0# - ABBREVIATED TITLE
Abbreviated title Mid-stream
Qualifying information (Indianapolis)
222 #0 - KEY TITLE
Key title Mid-stream
Qualifying information (Indianapolis)
245 00 - TITLE STATEMENT
Title Mid-stream.
260 ## - PUBLICATION, DISTRIBUTION, ETC. (IMPRINT)
Place of publication, distribution, etc [Indianapolis,
Name of publisher, distributor, etc Council on Christian Unity]
300 ## - PHYSICAL DESCRIPTION
Extent 41 v.
Dimensions 23 cm.
310 ## - CURRENT PUBLICATION FREQUENCY
Current publication frequency Quarterly,
Date of current publication frequency Sept. 1963-<Oct. 1975>
321 ## - FORMER PUBLICATION FREQUENCY
Former publication frequency Irregular,
-- 1961-June 1963
362 0# - DATES OF PUBLICATION AND/OR SEQUENTIAL DESIGNATION
Dates of publication and/or sequential designation v. 1- 41; Nov. 1961-Oct. 2002.
500 ## - GENERAL NOTE
General note "An ecumenical journal."
590 ## - LOCAL NOTE (RLIN)
Local note SERBIB/SERLOC merged record
650 #0 - SUBJECT ADDED ENTRY--TOPICAL TERM
Topical term or geographic name as entry element Christian union
Form subdivision Periodicals.
710 2# - ADDED ENTRY--CORPORATE NAME
Corporate name or jurisdiction name as entry element Council on Christian Unity (U.S.)
770 1# - SUPPLEMENT/SPECIAL ISSUE ENTRY
Main entry heading Consultation on Church Union.
Title Official record, plenary meeting of the Consultation on Church Union
International Standard Serial Number 0272-8958
Record control number (OCoLC)4743181
780 16 - PRECEDING ENTRY
Main entry heading Consultation on Church Union.
Title Digest of the proceedings of the meeting of the Consultation on Church Union
International Standard Serial Number 0589-4867
Record control number (OCoLC)1680989
Relationship information Apr. 1975-
906 ## - LOCAL DATA ELEMENT F, LDF (RLIN)
a 7
b cbc
c serials
d 3
e ncip
f 19
g n-oclcserc
936 ## - OCLC/CONSER MISCELLANEOUS DATA (OCLC); PIECE USED FOR CATALOGING (pre-AACR2) (RLIN)
OCLC control number(s) of parallel record(s) (OCLC); Piece used for cataloging, PUC (RLIN) Jan. 1977 (surrogate)
942 ## - ADDED ENTRY ELEMENTS (KOHA)
Source of classification or shelving scheme Library of Congress Classification
Koha item type Serials
Holdings
Withdrawn status Lost status Source of classification or shelving scheme Damaged status Not for loan Home library Current library Date acquired Total Checkouts Full call number Barcode Date last seen Price effective from Koha item type
    Library of Congress Classification     Bishop Okullu Memorial Library (Limuru Campus) Bishop Okullu Memorial Library (Limuru Campus) 16/06/2015   BX1 .M5 SER0054 16/06/2015 16/06/2015 Serials